00446 2200181 4500001002100000005001500021035002000036245004100056100001700097250000700114300003500121260003500156082000800191084001400199020002200213600001700235990001200252INLIS00000000000337220260304121015 a0010-03260000011 aRONGGENG DUKUH PARUK /cAHMAD TOHARI0 aAHMAD TOHARI aIV a376 hlm :bs ;c(14,5 x 21 cm) aJakarta :bPT. Gramedia,c2009 a813 a813 AHM r a978-979-22-0196-3 4aAHMAD TOHARI a0713381